[Event "Meister-Talente"]
[Site "Emanuel Lasker Arena"]
[Date "2020.11.06"]
[Round "4"]
[White "Ailton_32"]
[Black "Psammenitos."]
[Result "0-1"]
[WhiteElo "2024"]
[BlackElo "2481"]
[Annotator "NA RC"]
[PlyCount "100"]
[EventDate "2020.11.06"]
[EventType "tourn (blitz)"]

1. d4 {[%emt 0:00:05]} d5 {[%emt 0:00:02]} 2. c4 {[%emt 0:00:01]} c6 {[%emt 0:00:01]} 3. Nf3 {[%emt 0:00:07]} Nf6 {[%emt 0:00:07]} 4. Nc3 {[%emt 0:00:08]} a6 {[%emt 0:00:01]} 5. e3 {[%emt 0:00:12]} b5 {[%emt 0:00:02]} 6. c5 {[%emt 0:00:06]} Nbd7 {[%emt 0:00:02]} 7. Bd2 {[%emt 0:00:10]} g6 {[%emt 0:00:19]} 8. a4 {[%emt 0:00:26]} b4 {[%emt 0:00:05]} 9. Na2 {[%emt 0:00:03]} a5 {[%emt 0:00:01]} 10. Nc1 {[%emt 0:00:02]} Ne4 {[%emt 0:00:16]} 11. Nd3 {[%emt 0:00:12]} Bg7 {[%emt 0:00:03]} 12. Be2 {[%emt 0:00:03]} O-O {[%emt 0:00:01]} 13. O-O {[%emt 0:00:01]} Ba6 {[%emt 0:00:03]} 14. Qc2 {[%emt 0:00:11]} Qc7 {[%emt 0:00:01]} 15. Rfd1 {[%emt 0:00:24]} e5 {[%emt 0:00:11]} 16. Be1 {[%emt 0:00:04]} exd4 {[%emt 0:00:10]} 17. exd4 {[%emt 0:00:15]} Rfe8 {[%emt 0:00:02]} 18. Bf1 {[%emt 0:00:03]} Nf8 {[%emt 0:00:15]} 19. Nde5 {[%emt 0:00:15]} Bxf1 {[%emt 0:00:03]} 20. Kxf1 {[%emt 0:00:00]} Ne6 {[%emt 0:00:01]} 21. Ng4 {[%emt 0:00:14]} h5 {[%emt 0:00:06]} 22. Nge5 {[%emt 0:00:04]} Nxd4 {[%emt 0:00:02]} 23. Rxd4 {[%emt 0:00:08]} Bxe5 {[%emt 0:00:02]} 24. Rd3 {[%emt 0:00:06]} Bg7 {[%emt 0:00:12]} 25. Rad1 {[%emt 0:00:06]} Re6 {[%emt 0:00:05]} 26. Kg1 {[%emt 0:00:13]} Rae8 {[%emt 0:00:02]} 27. Bd2 {[%emt 0:00:05]} Nxd2 {[%emt 0:00:21]} 28. R3xd2 {[%emt 0:00:04]} Qf4 {[%emt 0:00:04]} 29. h3 {[%emt 0:00:03]} g5 {[%emt 0:00:13]} 30. Qd3 {[%emt 0:00:05]} g4 {[%emt 0:00:01]} 31. hxg4 {[%emt 0:00:01]} hxg4 {[%emt 0:00:00]} 32. Nh2 {[%emt 0:00:01]} Re1+ {[%emt 0:00:08]} 33. Nf1 {[%emt 0:00:01]} Rxd1 {[%emt 0:00:07]} 34. Rxd1 {[%emt 0:00:01]} Bxb2 {[%emt 0:00:02]} 35. Ng3 {[%emt 0:00:01]} Bc3 {[%emt 0:00:19]} 36. Nh5 {[%emt 0:00:06]} Qg5 {[%emt 0:00:04]} 37. Ng3 {[%emt 0:00:03]} Bg7 {[%emt 0:00:26]} 38. Nf5 {[%emt 0:00:02]} Qf4 {[%emt 0:00:06]} 39. Nd6 {[%emt 0:00:01]} Re6 {[%emt 0:00:02]} 40. g3 {[%emt 0:00:01]} Qf3 {[%emt 0:00:01]} 41. Qxf3 {[%emt 0:00:01]} gxf3 {[%emt 0:00:00]} 42. Rd3 {[%emt 0:00:00]} Bc3 {[%emt 0:00:02]} 43. Rxf3 {[%emt 0:00:01]} b3 {[%emt 0:00:02]} 44. Rxc3 {[%emt 0:00:01]} b2 {[%emt 0:00:00]} 45. Rb3 {[%emt 0:00:01]} Re1+ {[%emt 0:00:01]} 46. Kg2 {[%emt 0:00:01]} b1=Q {[%emt 0:00:00]} 47. Rxb1 {[%emt 0:00:01]} Rxb1 {[%emt 0:00:00]} 48. Nc8 {[%emt 0:00:01]} Kf8 {[%emt 0:00:02]} 49. Na7 {[%emt 0:00:01]} Rc1 {[%emt 0:00:01]} 50. Nxc6 {[%emt 0:00:01]} Rxc5 {[%emt 0:00:00] Ailton_32 gibt auf (Lag: Av=0.37s, max=0.9s)} 0-1

[Event "Meister-Talente"]
[Site "Emanuel Lasker Arena"]
[Date "2020.11.06"]
[Round "4"]
[White "Sreyas2008"]
[Black "JR43"]
[Result "1-0"]
[WhiteElo "1874"]
[BlackElo "1680"]
[Annotator "NA RC"]
[PlyCount "67"]
[EventDate "2020.11.06"]
[EventType "tourn (blitz)"]
[BlackTeam "SV Werder Bremen I"]

{- Reuker, Jari (2394)} 1. d4 {[%emt 0:00:04]} d5 {[%emt 0:00:03]} 2. Nf3 {[%emt 0:00:04]} e6 {[%emt 0:00:11]} 3. e3 {[%emt 0:00:04]} Bd6 {[%emt 0:00:04]} 4. Bd3 {[%emt 0:00:07]} f5 {[%emt 0:00:04]} 5. b3 {[%emt 0:00:08]} Qe7 {[%emt 0:00:02]} 6. Bb2 {[%emt 0:00:02]} Nf6 {[%emt 0:00:02]} 7. Ne5 {[%emt 0:00:02]} O-O {[%emt 0:00:02]} 8. O-O {[%emt 0:00:04]} Nbd7 {[%emt 0:00:02]} 9. Nd2 {[%emt 0:00:02]} c6 {[%emt 0:00:37]} 10. Qe1 {[%emt 0:00:08]} Ne4 {[%emt 0:00:14]} 11. f3 {[%emt 0:00:11]} Nxd2 {[%emt 0:00:02]} 12. Qxd2 {[%emt 0:00:02]} Nxe5 {[%emt 0:00:15]} 13. dxe5 {[%emt 0:00:00]} Bb4 {[%emt 0:00:02]} 14. Qf2 {[%emt 0:00:06]} a5 {[%emt 0:00:03]} 15. Qg3 {[%emt 0:00:20]} a4 {[%emt 0:00:05]} 16. e4 {[%emt 0:00:21]} f4 {[%emt 0:00:29]} 17. Qh3 {[%emt 0:00:06]} g6 {[%emt 0:00:32]} 18. Kh1 {[%emt 0:00:10]} a3 {[%emt 0:00:03]} 19. Bc1 {[%emt 0:00:03]} Bc3 {[%emt 0:00:02]} 20. Rb1 {[%emt 0:00:01]} Bxe5 {[%emt 0:00:01]} 21. g3 {[%emt 0:00:08]} fxg3 {[%emt 0:00:22]} 22. hxg3 {[%emt 0:00:00]} Bg7 {[%emt 0:00:01]} 23. f4 {[%emt 0:00:20]} e5 {[%emt 0:00:02]} 24. Qh2 {[%emt 0:00:19]} exf4 {[%emt 0:00:04]} 25. Bxf4 {[%emt 0:00:01]} dxe4 {[%emt 0:00:05]} 26. Rbe1 {[%emt 0:00:03]} Bf5 {[%emt 0:00:02]} 27. Bc4+ {[%emt 0:00:03]} Kh8 {[%emt 0:00:02]} 28. Be2 {[%emt 0:00:13]} Rad8 {[%emt 0:00:04]} 29. Bf3 {[%emt 0:00:06]} Rd5 {[%emt 0:00:13]} 30. g4 {[%emt 0:00:11]} Bd7 {[%emt 0:00:03]} 31. Bxe4 {[%emt 0:00:06]} Qc5 {[%emt 0:00:05]} 32. Bxg6 {[%emt 0:00:12]} h6 {[%emt 0:00:06]} 33. Bxh6 {[%emt 0:00:01]} Rxf1+ {[%emt 0:00:02]} 34. Rxf1 {[%emt 0:00:02] Zeit '} 1-0

[Event "Meister-Talente"]
[Site "Emanuel Lasker Arena"]
[Date "2020.11.06"]
[Round "4"]
[White "Jan2020"]
[Black "Torjaeger10"]
[Result "1-0"]
[WhiteElo "1868"]
[BlackElo "1878"]
[Annotator "NA RC"]
[PlyCount "157"]
[EventDate "2020.11.06"]
[EventType "tourn (blitz)"]

1. Nf3 {[%emt 0:00:03]} Nf6 {[%emt 0:00:02]} 2. c4 {[%emt 0:00:03]} g6 {[%emt 0:00:03]} 3. Nc3 {[%emt 0:00:03]} Bg7 {[%emt 0:00:01]} 4. e4 {[%emt 0:00:05]} e5 {[%emt 0:00:04]} 5. Nxe5 {[%emt 0:00:04]} Nxe4 {[%emt 0:00:12]} 6. Nxe4 {[%emt 0:00:09]} Bxe5 {[%emt 0:00:02]} 7. d4 {[%emt 0:00:01]} Bg7 {[%emt 0:00:02]} 8. Bg5 {[%emt 0:00:02]} f6 {[%emt 0:00:01]} 9. Be3 {[%emt 0:00:40]} O-O {[%emt 0:00:02]} 10. Bd3 {[%emt 0:00:08]} f5 {[%emt 0:00:02]} 11. Nc3 {[%emt 0:00:31]} f4 {[%emt 0:00:02]} 12. Bd2 {[%emt 0:00:02]} Nc6 {[%emt 0:00:15]} 13. O-O {[%emt 0:00:27]} Nxd4 {[%emt 0:00:03]} 14. Ne2 {[%emt 0:00:08]} f3 {[%emt 0:00:06]} 15. Nxd4 {[%emt 0:00:24]} Bxd4 {[%emt 0:00:00]} 16. Be4 {[%emt 0:00:30]} fxg2 {[%emt 0:00:15]} 17. Bxg2 {[%emt 0:00:00]} Qh4 {[%emt 0:00:06]} 18. Be3 {[%emt 0:00:10]} Be5 {[%emt 0:00:23]} 19. Qd5+ {[%emt 0:00:02]} Kg7 {[%emt 0:00:06]} 20. Qxe5+ {[%emt 0:00:00]} Qf6 {[%emt 0:00:03]} 21. Bd4 {[%emt 0:00:02]} Qxe5 {[%emt 0:00:03]} 22. Bxe5+ {[%emt 0:00:00]} Kh6 {[%emt 0:00:00]} 23. Bxc7 {[%emt 0:00:01]} Rf5 {[%emt 0:00:11]} 24. b3 {[%emt 0:00:01]} a5 {[%emt 0:00:03]} 25. Bg3 {[%emt 0:00:02]} Ra6 {[%emt 0:00:05]} 26. Be4 {[%emt 0:00:01]} Rf8 {[%emt 0:00:06]} 27. Rfd1 {[%emt 0:00:02]} a4 {[%emt 0:00:04]} 28. bxa4 {[%emt 0:00:02]} Rxa4 {[%emt 0:00:02]} 29. Bd5 {[%emt 0:00:01]} b6 {[%emt 0:00:04]} 30. Rd2 {[%emt 0:00:01]} Ba6 {[%emt 0:00:02]} 31. Rc1 {[%emt 0:00:03]} Rc8 {[%emt 0:00:05] Torjaeger10 offers a draw} 32. Bf4+ {[%emt 0:00:07]} Kg7 {[%emt 0:00:02]} 33. Be5+ {[%emt 0:00:01]} Kh6 {[%emt 0:00:02]} 34. Rcc2 {[%emt 0:00:02]} Ra5 {[%emt 0:00:07]} 35. Bf4+ {[%emt 0:00:04]} Kg7 {[%emt 0:00:02]} 36. Be3 {[%emt 0:00:02]} Rb8 {[%emt 0:00:17]} 37. Kg2 {[%emt 0:00:01]} b5 {[%emt 0:00:05]} 38. c5 {[%emt 0:00:02]} b4 {[%emt 0:00:03]} 39. c6 {[%emt 0:00:02]} dxc6 {[%emt 0:00:07]} 40. Bxc6 {[%emt 0:00:01]} Rc8 {[%emt 0:00:08]} 41. Rd7+ {[%emt 0:00:02]} Kg8 {[%emt 0:00:06]} 42. Ra7 {[%emt 0:00:03]} Ra3 {[%emt 0:00:25]} 43. Bd5+ {[%emt 0:00:03]} Kf8 {[%emt 0:00:01]} 44. Rxc8+ {[%emt 0:00:02]} Bxc8 {[%emt 0:00:00]} 45. Bc5+ {[%emt 0:00:02]} Ke8 {[%emt 0:00:02]} 46. Rxa3 {[%emt 0:00:01]} bxa3 {[%emt 0:00:00]} 47. Bxa3 {[%emt 0:00:01]} Kd7 {[%emt 0:00:00]} 48. Bb4 {[%emt 0:00:01]} Ba6 {[%emt 0:00:04]} 49. Bg8 {[%emt 0:00:01]} Bd3 {[%emt 0:00:00]} 50. a3 {[%emt 0:00:01]} h5 {[%emt 0:00:04]} 51. Bd5 {[%emt 0:00:03]} g5 {[%emt 0:00:02]} 52. f3 {[%emt 0:00:02]} Bc2 {[%emt 0:00:03]} 53. Kg3 {[%emt 0:00:02]} Bf5 {[%emt 0:00:02]} 54. Bf7 {[%emt 0:00:02]} h4+ {[%emt 0:00:01]} 55. Kf2 {[%emt 0:00:02]} Bc2 {[%emt 0:00:02]} 56. Bh5 {[%emt 0:00:01]} Ke6 {[%emt 0:00:01]} 57. Bg4+ {[%emt 0:00:01]} Kf6 {[%emt 0:00:01]} 58. Bd2 {[%emt 0:00:02]} Ba4 {[%emt 0:00:03]} 59. Ke3 {[%emt 0:00:02]} Ke5 {[%emt 0:00:10]} 60. Kd3 {[%emt 0:00:03]} Kf6 {[%emt 0:00:14]} 61. Kc4 {[%emt 0:00:01]} Bc6 {[%emt 0:00:00]} 62. Kc5 {[%emt 0:00:02]} Ba4 {[%emt 0:00:05]} 63. Bc3+ {[%emt 0:00:01]} Kg6 {[%emt 0:00:02]} 64. Kb4 {[%emt 0:00:02]} Bc6 {[%emt 0:00:00]} 65. a4 {[%emt 0:00:01]} Kf7 {[%emt 0:00:01]} 66. a5 {[%emt 0:00:01]} Ke7 {[%emt 0:00:01]} 67. Kc5 {[%emt 0:00:01]} Ba8 {[%emt 0:00:02]} 68. Kb6 {[%emt 0:00:01]} h3 {[%emt 0:00:03]} 69. a6 {[%emt 0:00:06]} Kd6 {[%emt 0:00:04]} 70. Bb4+ {[%emt 0:00:04]} Ke5 {[%emt 0:00:02]} 71. Bc8 {[%emt 0:00:07]} Bxf3 {[%emt 0:00:05]} 72. Bb7 {[%emt 0:00:00]} g4 {[%emt 0:00:00]} 73. a7 {[%emt 0:00:03]} Bxb7 {[%emt 0:00:01]} 74. Kxb7 {[%emt 0:00:02]} g3 {[%emt 0:00:00]} 75. a8=Q {[%emt 0:00:03]} gxh2 {[%emt 0:00:02]} 76. Qe8+ {[%emt 0:00:02]} Kf4 {[%emt 0:00:01]} 77. Qe1 {[%emt 0:00:01]} Kf3 {[%emt 0:00:01]} 78. Qh1+ {[%emt 0:00:01]} Kf2 {[%emt 0:00:01]} 79. Qxh2+ {[%emt 0:00:03] Torjaeger10 resigns (Lag: Av=0.31s, max=0.8s)} 1-0

[Event "Meister-Talente"]
[Site "Emanuel Lasker Arena"]
[Date "2020.11.06"]
[Round "4"]
[White "Opel 2004"]
[Black "HannesFM"]
[Result "0-1"]
[WhiteElo "1735"]
[BlackElo "1856"]
[Annotator "NA RC"]
[PlyCount "72"]
[EventDate "2020.11.06"]
[EventType "tourn (blitz)"]

1. e4 {[%emt 0:00:03]} g6 {[%emt 0:00:01]} 2. d4 {[%emt 0:00:04]} Bg7 {[%emt 0:00:07]} 3. Nc3 {[%emt 0:00:03]} c6 {[%emt 0:00:01]} 4. Be3 {[%emt 0:00:03]} d5 {[%emt 0:00:01] Opel 2004 reconnected.} 5. e5 {[%emt 0:00:03]} Nh6 {[%emt 0:00:06]} 6. Qd2 {[%emt 0:00:05]} Nf5 {[%emt 0:00:10]} 7. O-O-O {[%emt 0:00:05] Opel 2004 reconnected.} b5 {[%emt 0:00:13]} 8. Kb1 {[%emt 0:00:13]} a5 {[%emt 0:00:03]} 9. Nce2 {[%emt 0:00:12] Opel 2004 reconnected.} a4 {[%emt 0:00:03]} 10. Nc1 {[%emt 0:00:01]} Nd7 {[%emt 0:00:04]} 11. h4 {[%emt 0:00:17] Opel 2004 reconnected.} Nb6 {[%emt 0:00:03]} 12. Be2 {[%emt 0:00:10]} Nc4 {[%emt 0:00:04]} 13. Bxc4 {[%emt 0:00:02]} bxc4 {[%emt 0:00:00]} 14. Nge2 {[%emt 0:00:05]} Qb6 {[%emt 0:00:03] Opel 2004 reconnected.} 15. Nc3 {[%emt 0:00:14] Opel 2004 reconnected. Opel 2004 reconnected.} e6 {[%emt 0:00:42]} 16. g4 {[%emt 0:00:08]} Nxe3 {[%emt 0:00:09] Opel 2004 reconnected.} 17. Qxe3 {[%emt 0:00:07]} h5 {[%emt 0:00:03]} 18. Rdg1 {[%emt 0:00:13] Opel 2004 reconnected.} Rb8 {[%emt 0:00:15] Opel 2004 reconnected.} 19. Nd1 {[%emt 0:00:08]} Ba6 {[%emt 0:00:13]} 20. gxh5 {[%emt 0:00:08]} Rxh5 {[%emt 0:00:03]} 21. f4 {[%emt 0:00:21] Opel 2004 reconnected.} Kd7 {[%emt 0:00:07]} 22. Rg5 {[%emt 0:00:01]} Rbh8 {[%emt 0:00:03]} 23. Rxh5 {[%emt 0:00:06]} Rxh5 {[%emt 0:00:02]} 24. Ne2 {[%emt 0:00:07]} Qd8 {[%emt 0:00:11]} 25. Qh3 {[%emt 0:00:10]} Bf8 {[%emt 0:00:11]} 26. Ng3 {[%emt 0:00:04]} Rh8 {[%emt 0:00:02]} 27. Qg4 {[%emt 0:00:07]} c5 {[%emt 0:00:03]} 28. dxc5 {[%emt 0:00:06]} Bxc5 {[%emt 0:00:00]} 29. h5 {[%emt 0:00:02]} gxh5 {[%emt 0:00:07]} 30. Rxh5 {[%emt 0:00:06]} a3 {[%emt 0:00:02]} 31. b3 {[%emt 0:00:14]} cxb3 {[%emt 0:00:02]} 32. cxb3 {[%emt 0:00:04]} Bd3+ {[%emt 0:00:03]} 33. Kc1 {[%emt 0:00:03]} Bb4 {[%emt 0:00:35]} 34. Ne3 {[%emt 0:00:10] Opel 2004 reconnected.} Qc7+ {[%emt 0:00:09]} 35. Kd1 {[%emt 0:00:01]} Qc3 {[%emt 0:00:02]} 36. Rh2 {[%emt 0:00:08] .} Qa1# {[%emt 0:00:01] (Lag: Av=0.59s, max=1.0s)} 0-1

[Event "Meister-Talente"]
[Site "Emanuel Lasker Arena"]
[Date "2020.11.06"]
[Round "5"]
[White "Psammenitos."]
[Black "Opel 2004"]
[Result "1-0"]
[WhiteElo "2483"]
[BlackElo "1723"]
[Annotator "NA RC"]
[PlyCount "97"]
[EventDate "2020.11.06"]
[EventType "tourn (blitz)"]

1. d4 {[%emt 0:00:01]} e6 {[%emt 0:00:03] Opel 2004 reconnected.} 2. Nf3 {[%emt 0:00:21]} Nf6 {[%emt 0:00:02]} 3. g3 {[%emt 0:00:02]} b6 {[%emt 0:00:05]} 4. Bg2 {[%emt 0:00:01]} Bb7 {[%emt 0:00:01]} 5. O-O {[%emt 0:00:00]} Be7 {[%emt 0:00:05]} 6. c4 {[%emt 0:00:01] Opel 2004 reconnected.} O-O {[%emt 0:00:15]} 7. Nc3 {[%emt 0:00:02]} Ne4 {[%emt 0:00:01]} 8. Nxe4 {[%emt 0:00:01]} Bxe4 {[%emt 0:00:02]} 9. Ne1 {[%emt 0:00:00]} Bxg2 {[%emt 0:00:03]} 10. Nxg2 {[%emt 0:00:00]} d5 {[%emt 0:00:04]} 11. Qa4 {[%emt 0:00:01]} Nd7 {[%emt 0:00:11] Opel 2004 reconnected. Opel 2004 reconnected.} 12. cxd5 {[%emt 0:00:18]} exd5 {[%emt 0:00:03]} 13. Qc6 {[%emt 0:00:00]} Nf6 {[%emt 0:00:01]} 14. Bf4 {[%emt 0:00:00]} Bd6 {[%emt 0:00:20]} 15. Bxd6 {[%emt 0:00:01]} Qxd6 {[%emt 0:00:01]} 16. Qxd6 {[%emt 0:00:01]} cxd6 {[%emt 0:00:00]} 17. Rfc1 {[%emt 0:00:02]} Rac8 {[%emt 0:00:02]} 18. Ne3 {[%emt 0:00:05]} g6 {[%emt 0:00:07]} 19. f3 {[%emt 0:00:06]} Rfe8 {[%emt 0:00:05]} 20. Kf2 {[%emt 0:00:01]} Kf8 {[%emt 0:00:02]} 21. a4 {[%emt 0:00:01]} a6 {[%emt 0:00:12]} 22. g4 {[%emt 0:00:02]} h6 {[%emt 0:00:09]} 23. h4 {[%emt 0:00:01] Opel 2004 reconnected. Opel 2004 reconnected. Opel 2004 reconnected. ' Opel 2004 reconnected.} Ke7 {[%emt 0:00:06]} 24. g5 {[%emt 0:00:02]} hxg5 {[%emt 0:00:02]} 25. hxg5 {[%emt 0:00:00]} Nd7 {[%emt 0:00:01]} 26. Nxd5+ {[%emt 0:00:01]} Kf8 {[%emt 0:00:11]} 27. Nc7 {[%emt 0:00:04]} Red8 {[%emt 0:00:07]} 28. Nxa6 {[%emt 0:00:01]} Ke7 {[%emt 0:00:01]} 29. Nc7 {[%emt 0:00:03] Opel 2004 reconnected.} Rh8 {[%emt 0:00:03]} 30. b4 {[%emt 0:00:06]} Rh2+ {[%emt 0:00:06]} 31. Ke3 {[%emt 0:00:10]} Rh5 {[%emt 0:00:02]} 32. Nd5+ {[%emt 0:00:02]} Kd8 {[%emt 0:00:01]} 33. Rxc8+ {[%emt 0:00:01]} Kxc8 {[%emt 0:00:01]} 34. Rc1+ {[%emt 0:00:02]} Kd8 {[%emt 0:00:01]} 35. Nf6 {[%emt 0:00:26]} Rxg5 {[%emt 0:00:07]} 36. Nxd7 {[%emt 0:00:04]} Kxd7 {[%emt 0:00:01]} 37. Ra1 {[%emt 0:00:01]} Rh5 {[%emt 0:00:09]} 38. a5 {[%emt 0:00:01]} bxa5 {[%emt 0:00:08]} 39. bxa5 {[%emt 0:00:00]} Kc7 {[%emt 0:00:08]} 40. a6 {[%emt 0:00:01]} Kb8 {[%emt 0:00:01]} 41. a7+ {[%emt 0:00:01]} Ka8 {[%emt 0:00:03]} 42. Ra6 {[%emt 0:00:00] Opel 2004 reconnected.} Rb5 {[%emt 0:00:05]} 43. Rxd6 {[%emt 0:00:02]} Kxa7 {[%emt 0:00:01]} 44. Rd7+ {[%emt 0:00:01]} Kb6 {[%emt 0:00:11]} 45. Rxf7 {[%emt 0:00:01]} Rb3+ {[%emt 0:00:01]} 46. Ke4 {[%emt 0:00:01]} Rb2 {[%emt 0:00:08]} 47. e3 {[%emt 0:00:01]} Kb5 {[%emt 0:00:05]} 48. Rg7 {[%emt 0:00:02]} Kc4 {[%emt 0:00:04]} 49. Rc7+ {[%emt 0:00:02] Opel 2004 gibt auf (Lag: Av=6.23s, max=158.2s)} 1-0

[Event "Meister-Talente"]
[Site "Emanuel Lasker Arena"]
[Date "2020.11.06"]
[Round "5"]
[White "PeterLaFleur"]
[Black "Ailton_32"]
[Result "1-0"]
[WhiteElo "2150"]
[BlackElo "2021"]
[Annotator "NA RC"]
[PlyCount "79"]
[EventDate "2020.11.06"]
[EventType "tourn (blitz)"]

1. Nf3 {[%emt 0:00:05]} Nf6 {[%emt 0:00:01]} 2. c4 {[%emt 0:00:01]} e6 {[%emt 0:00:01]} 3. Nc3 {[%emt 0:00:02]} d5 {[%emt 0:00:02]} 4. e3 {[%emt 0:00:01]} b6 {[%emt 0:00:04]} 5. b3 {[%emt 0:00:01]} Bb7 {[%emt 0:00:02]} 6. Bb2 {[%emt 0:00:01]} a6 {[%emt 0:00:19]} 7. Qc2 {[%emt 0:00:03]} Bd6 {[%emt 0:00:02]} 8. cxd5 {[%emt 0:00:18]} exd5 {[%emt 0:00:03]} 9. Ne2 {[%emt 0:00:03]} O-O {[%emt 0:01:27]} 10. Ng3 {[%emt 0:00:02]} Re8 {[%emt 0:00:03]} 11. Be2 {[%emt 0:00:14]} Nbd7 {[%emt 0:00:02]} 12. Nf5 {[%emt 0:00:10]} Bf8 {[%emt 0:00:02]} 13. O-O {[%emt 0:00:12]} g6 {[%emt 0:00:03]} 14. Ng3 {[%emt 0:00:01]} Bg7 {[%emt 0:00:06]} 15. Rac1 {[%emt 0:00:02]} c5 {[%emt 0:00:03]} 16. d4 {[%emt 0:00:01]} Rc8 {[%emt 0:00:02]} 17. Qb1 {[%emt 0:00:13]} Qc7 {[%emt 0:00:24]} 18. Rfd1 {[%emt 0:00:04]} Qb8 {[%emt 0:00:03]} 19. a4 {[%emt 0:00:07]} Ne4 {[%emt 0:00:17]} 20. dxc5 {[%emt 0:00:06]} Ndxc5 {[%emt 0:00:06]} 21. Bxg7 {[%emt 0:00:05]} Kxg7 {[%emt 0:00:00]} 22. b4 {[%emt 0:00:07]} Ne6 {[%emt 0:00:04]} 23. Qa1+ {[%emt 0:00:02]} Kg8 {[%emt 0:00:10]} 24. Nd4 {[%emt 0:00:08]} Nxd4 {[%emt 0:00:11]} 25. Qxd4 {[%emt 0:00:03]} Rxc1 {[%emt 0:00:02]} 26. Rxc1 {[%emt 0:00:00]} Rc8 {[%emt 0:00:06]} 27. Rxc8+ {[%emt 0:00:22]} Bxc8 {[%emt 0:00:03]} 28. Nxe4 {[%emt 0:00:05]} dxe4 {[%emt 0:00:01]} 29. Qxe4 {[%emt 0:00:00]} Bd7 {[%emt 0:00:03]} 30. b5 {[%emt 0:00:18]} a5 {[%emt 0:00:03]} 31. Qd4 {[%emt 0:00:04]} Be6 {[%emt 0:00:02]} 32. Bf3 {[%emt 0:00:05]} Qc7 {[%emt 0:00:03]} 33. Bc6 {[%emt 0:00:02]} h5 {[%emt 0:00:01]} 34. h3 {[%emt 0:00:03]} Kf8 {[%emt 0:00:01]} 35. f4 {[%emt 0:00:02]} Ke7 {[%emt 0:00:01]} 36. Kf2 {[%emt 0:00:04]} h4 {[%emt 0:00:01]} 37. Qh8 {[%emt 0:00:03]} g5 {[%emt 0:00:03]} 38. Qh6 {[%emt 0:00:08]} f6 {[%emt 0:00:06]} 39. Qg7+ {[%emt 0:00:13]} Bf7 {[%emt 0:00:03]} 40. Kg1 {[%emt 0:00:13] Zeit '} 1-0

[Event "Meister-Talente"]
[Site "Emanuel Lasker Arena"]
[Date "2020.11.06"]
[Round "5"]
[White "HannesFM"]
[Black "Beyond_uoschi"]
[Result "0-1"]
[WhiteElo "1904"]
[BlackElo "2130"]
[Annotator "TA"]
[PlyCount "72"]
[EventDate "2020.11.06"]
[EventType "tourn (blitz)"]

{[%evp 12,72,15,7,10,4,6,-3,-2,-10,-3,-6,0,-23,0,-31,-34,-35,-28,-28,-28,-28,-28,-28,-28,-31,-33,-32,-4,-64,0,-47,-30,-25,0,-18,-9,-6,68,-80,-89,-106,-86,-93,-54,-52,-49,-55,-19,-142,-139,-241,-245,-335,-339,-528,-527,-539,-532,-966,-909,-876,-791]} 1. Nc3 e5 2. e4 Nf6 3. Nf3 Nc6 4. Bb5 Bb4 5. O-O O-O 6. Bxc6 dxc6 7. d3 Nd7 {C49: Four Knights: 4 Bb5 Bb4.} 8. Ne2 Re8 9. Ng3 Bf8 {The position is equal.} 10. Be3 {[#]} a5 $146 ({Predecessor:} 10... c5 11. Nd2 g6 12. Nc4 b6 13. f4 exf4 14. Bxf4 Bg7 15. Qf3 Rf8 16. Rae1 Ba6 {0-1 (76) Hilby,C (2347)-Friedel,J (2510) Las Vegas 2016}) 11. Qd2 a4 12. a3 Nc5 13. Rad1 Bg4 14. Qe2 Ne6 15. h3 Bxf3 16. Qxf3 Nd4 17. Bxd4 $1 Qxd4 18. c3 Qb6 19. Rd2 Ra5 20. d4 (20. Nf5 $11) 20... Rb5 (20... g6 $15) 21. Qe2 exd4 22. cxd4 Rb3 23. Kh2 Qb5 24. Qxb5 cxb5 ({Better is} 24... Rxb5 $11 25. f4 Rb3) 25. Rc1 (25. Ne2 $1 $14 {is the one way to stay ahead.}) 25... c6 $17 26. f3 b4 27. axb4 Bxb4 28. Rdc2 Bd6 {White must now prevent ...Bf4.} 29. e5 Bb8 30. Ne4 (30. f4 $11 {keeps the balance.}) 30... Rd8 31. Nc5 (31. f4 $17 {is a better defense.}) 31... Rb4 $19 32. Rc4 Rxd4 {[%mdl 64] [#] Remove Defender} 33. Rxd4 (33. Rxb4 $142 Rxb4 34. Kh1) 33... Bxe5+ {[%mdl 64] Double Attack. Black is clearly winning.} 34. Kh1 {[%cal Rd4d8]} Bxd4 35. Ne4 Bxb2 36. Rd1 g6 {Av CentiPawn Loss W=-44/B=-14. Weighted=-68/-14} 0-1

[Event "Meister-Talente"]
[Site "Emanuel Lasker Arena"]
[Date "2020.11.06"]
[Round "5"]
[White "Johvon"]
[Black "Jan2020"]
[Result "1-0"]
[WhiteElo "1896"]
[BlackElo "1885"]
[Annotator "NA RC"]
[PlyCount "55"]
[EventDate "2020.11.06"]
[EventType "tourn (blitz)"]

1. d4 {[%emt 0:00:04]} d5 {[%emt 0:00:02]} 2. c4 {[%emt 0:00:01]} c6 {[%emt 0:00:01]} 3. Nf3 {[%emt 0:00:02]} Nf6 {[%emt 0:00:02]} 4. Nc3 {[%emt 0:00:02]} e6 {[%emt 0:00:02]} 5. Bg5 {[%emt 0:00:02]} h6 {[%emt 0:00:06]} 6. Bh4 {[%emt 0:00:03]} dxc4 {[%emt 0:00:04]} 7. e4 {[%emt 0:00:05]} Be7 {[%emt 0:00:01]} 8. Bxc4 {[%emt 0:00:03]} Nxe4 {[%emt 0:00:16]} 9. Bxe7 {[%emt 0:00:13]} Nxc3 {[%emt 0:00:12]} 10. Bxd8 {[%emt 0:00:16]} Nxd1 {[%emt 0:00:03]} 11. Rxd1 {[%emt 0:00:18]} Kxd8 {[%emt 0:00:03]} 12. O-O {[%emt 0:00:05]} Nd7 {[%emt 0:00:05]} 13. Ne5 {[%emt 0:00:04]} Ke7 {[%emt 0:00:16]} 14. f4 {[%emt 0:00:03]} Rd8 {[%emt 0:00:31]} 15. Nf3 {[%emt 0:00:33]} b5 {[%emt 0:00:17]} 16. Bd3 {[%emt 0:00:10]} Bb7 {[%emt 0:00:47]} 17. f5 {[%emt 0:00:08]} exf5 {[%emt 0:00:13]} 18. Bxf5 {[%emt 0:00:06]} Nf6 {[%emt 0:00:10]} 19. Ne5 {[%emt 0:00:22]} Rd6 {[%emt 0:00:06]} 20. g4 {[%emt 0:00:19]} Rad8 {[%emt 0:00:04]} 21. Rde1 {[%emt 0:00:06]} Kf8 {[%emt 0:00:02]} 22. h4 {[%emt 0:00:03]} Rxd4 {[%emt 0:00:03]} 23. g5 {[%emt 0:00:01]} hxg5 {[%emt 0:00:03]} 24. hxg5 {[%emt 0:00:00]} Nd5 {[%emt 0:00:15]} 25. Bh7 {[%emt 0:00:31]} f6 {[%emt 0:00:02]} 26. gxf6 {[%emt 0:00:03]} Nxf6 {[%emt 0:00:02]} 27. Ng6+ {[%emt 0:00:05]} Kf7 {[%emt 0:00:03]} 28. Ne5+ {[%emt 0:00:01] Zeit (Lag: Av=0.48s, max=0.8s)} 1-0